000 003130000a22001450004500
003 MACL
040 _aMACL
090 _c41776
_d41774
100 _aWoodroffe, Sir John
245 _aThe World as Power
260 _bShivalik Publication
_c2008
350 _a750
650 _aPhilosophy
942 _cBOOK
_k100/WOO
999 _c41333
_d41333